000 00573nam a2200217Ia 4500
008 220216s9999 xx 000 0 und d
100 _aAmbily K K
245 0 _aVolatilization loss from urea and modified forms of urea
260 _bIndian Journal of Natural Rubber Research
_c2003
300 _a115-117
650 _aFertilizer
650 _aFertilizer
650 _aVolatilization
650 _aVolatilization
700 _aJacob S
700 _aKarthikakuttyamma M
700 _aMary C P
700 _aNair A N S
700 _aUlakanathan A
942 _cAR
999 _c47231
_d47231